000 00244nam a2200121 i 4500
001 bg
245 0 _aMosty stalowe.
260 _aWarszawa,
_c1984.
040 _cBPK
041 _apol
942 _cKS
008 s pl f |000 0 pol
999 _c5846
_d5846
856 _uhttp://koha.tu.koszalin.pl/cgi-bin/koha/opac-detail.pl?biblionumber=5846
_yKatalog online BPK